000 02874cam a22004574i 4500
003 PE-LiUPU
005 20250731165406.0
008 151012s2015 pe a grm 000 0 spa d
035 _a(Sirsi) a154826
040 _aPE-LiUPU
_bspa
_cPE-LiUPU
_erda
099 _aTEF 2
_bE79 2015
100 1 _aEscobedo Jiménez, Priscila Alejandra,
_eautor
245 1 _aFactores familiares, individuales y socioculturales asociados con el inicio de las relaciones sexuales en los estudiantes del 3er. y 4to año de secundaria de la I.E. N° 787 Almirante Miguel Grau, Chaclacayo.
264 0 _c2015.
300 _a97 hojas :
_bilustraciones;
_c30 cm
336 _atext
_2rdacontent
337 _aunmediated
_2rdamedia
338 _avolume
_2rdacarrier
502 _aTesis
_b(Lic.) --
_cUniversidad Peruana Unión,
_d2015.
504 _aIncluye referencias
520 3 _aEl objetivo de este estudio fue determinar los factores de tipo familiar, individual y sociocultural que pudieran asociarse al inicio de las relaciones sexuales en los estudiantes del 3er y 4to año de secundaria de la I.E. N° 787 Almirante Miguel Grau, Chaclacayo, Lima - Perú. El estudio fue de tipo correlacional, de corte transversal y de diseño no experimental. Se utilizó el muestreo no probabilístico, el grupo de participantes estuvo conformado por 124 estudiantes del 3er y 4to año de secundaria de 14 a 19 años. El instrumento utilizado fue un cuestionario para determinar los factores familiares, individuales y socioculturales que se asocian al inicio de relaciones sexuales, diseñado y validado por Gamarra-Tenorio (2009). En los resultados se encontró que el 23.4% inició su actividad sexual, en los factores familiares se encontró asociación significativa con: la función de la madre (p=0.019) y la actitud de padres fuente a temas de sexualidad (p=0.012). En los factores individuales, asociación significativa con: la repitencia escolar (p=0.000), la presencia de enamorado(a) (p=0.000), el consumo de cigarrillos (p=0.011), observar pornografía (p=0.005). Y por último, en los factores socioculturales encontramos que el nivel de conocimientos sobre sexualidad (p=0.032) está asociado significativamente con el inicio de las relaciones sexuales.
526 _aSEG44
526 _aSEG26
526 _aP151
526 _aP150
526 _aP149
526 _aP146
526 _aP145
526 _aP126
526 _aP125
526 _aP92
526 _aP75
526 _aP74
526 _aP27
526 _aP15
650 0 4 _aEstudiantes de secundaria
_x Relaciones sexuales
_xAspectos sociales.
700 1 _aCoca Mamani, Lourdes Daniela
_eautor
596 _a1
942 _2ddc
_cTESIS
999 _aTEF 2 E79 2015
_wALPHANUM
_c7523
_iT01742
_lCCODEBUL3
_mBUL
_r1
_sY
_tTESIS
_u2015-10-12
_xSALUD
_PP22
_o.STAFF. Tesis
_d7523
980 _81
_gALBERTO SANCHEZ Responsable de Automatización